000 00291nam a22001337a 4500
008 171103b xxu||||| |||| 00| 0 eng d
020 _a2900132222166
041 _aeng
080 _a339.138
100 _a60
101 _aMAR
245 _aINVETORY PURCHASING
_cJAMES.M
942 _2udc
_cBK
999 _c37423
_d37423